|
|
|
|
| LEADER |
01731nam a2200409Ia 4500 |
| 001 |
EBC3572082 |
| 003 |
MiAaPQ |
| 005 |
20200520144314.0 |
| 006 |
m o d | |
| 007 |
cr cn||||||||| |
| 008 |
060714s2006 ne a sb 000 0 eng d |
| 020 |
|
|
|z 9076998922 (pbk.)
|
| 020 |
|
|
|z 9789076998923
|
| 020 |
|
|
|z 9789086865741
|
| 035 |
|
|
|a (MiAaPQ)EBC3572082
|
| 035 |
|
|
|a (Au-PeEL)EBL3572082
|
| 035 |
|
|
|a (CaPaEBR)ebr10686837
|
| 035 |
|
|
|a (OCoLC)691054850
|
| 040 |
|
|
|a MiAaPQ
|c MiAaPQ
|d MiAaPQ
|
| 050 |
|
4 |
|a HD9282.E862
|b F372 2006
|
| 245 |
0 |
0 |
|a Farm management and extension needs in Central and Eastern European countries under the EU milk quota
|h [electronic resource] /
|c editors, A. Kuipers, M. Klopcic, A. Svitojus.
|
| 260 |
|
|
|a Wageningen :
|b Wageningen Academic Publishers,
|c 2006.
|
| 300 |
|
|
|a 277 p. :
|b ill.
|
| 490 |
1 |
|
|a EAAP technical series,
|x 1570-7318 ;
|v no. 8
|
| 504 |
|
|
|a Includes bibliographical references.
|
| 533 |
|
|
|a Electronic reproduction. Ann Arbor, MI : ProQuest, 2016. Available via World Wide Web. Access may be limited to ProQuest affiliated libraries.
|
| 650 |
|
0 |
|a Milk trade
|z European Economic Community countries.
|
| 650 |
|
0 |
|a Milk yield
|x Economic aspects
|z European Economic Community countries.
|
| 650 |
|
0 |
|a Dairying
|x Economic aspects
|z European Economic Community countries.
|
| 650 |
|
0 |
|a Dairying
|x Government policy
|z European Economic Community countries.
|
| 655 |
|
4 |
|a Electronic books.
|
| 700 |
1 |
|
|a Kuipers, A.
|q (Abele)
|
| 700 |
1 |
|
|a Klopcic, Marija.
|
| 700 |
1 |
|
|a Svitojus, A.
|q (Arunas)
|
| 710 |
2 |
|
|a ProQuest (Firm)
|
| 830 |
|
0 |
|a EAAP technical series ;
|v no. 8.
|
| 856 |
4 |
0 |
|u https://ebookcentral.proquest.com/lib/matrademy/detail.action?docID=3572082
|z Click to View
|